Oceňovanie, účtovanie a vykazovanie zamestnaneckých pôžitkov podľa IAS 19 vo vybranej účtovnej jednotke diplomová práca

Salvato in:
Dettagli Bibliografici
Autore principale: Bányiová, Mária
Ente Autore: Fakulta hospodárskej informatiky EU. Katedra účtovníctva a audítorstva
Altri autori: Meluchová, Jitka, 1965-
Natura: Libro
Lingua:slovacco
Pubblicazione: Bratislava 2012
Tags: Aggiungi Tag
Nessun Tag, puoi essere il primo ad aggiungerne!!

MARC

LEADER 00000nbm a2200000 4500
001 0159230
005 20161109102234.8
041 0 |a slo 
044 |a SK 
245 1 0 |a Oceňovanie, účtovanie a vykazovanie zamestnaneckých pôžitkov podľa IAS 19 vo vybranej účtovnej jednotke  |b diplomová práca  |c Mária Bányiová ; školiteľ: Jitka Meluchová 
264 1 |a Bratislava  |c 2012 
300 |a 76 s. 
100 1 |a Bányiová, Mária 
700 1 |a Meluchová, Jitka, 1965- 
710 2 |a Fakulta hospodárskej informatiky EU. Katedra účtovníctva a audítorstva